[Event "Politiken Cup 23rd"]
[Site "Copenhagen"]
[Date "2001.07.19"]
[Round "4"]
[White "Hansen, Gunnar West"]
[Black "Aaberg, Anton"]
[Result "0-1"]
[WhiteElo "2198"]
[BlackElo "2373"]
[PlyCount "64"]
[EventDate "2001.07.16"]
[EventType "swiss"]
[EventRounds "11"]
[EventCountry "DEN"]
[SourceTitle "CBM 083 Extra"]
[Source "ChessBase"]
[SourceDate "2001.09.11"]
[SourceVersion "1"]
[SourceVersionDate "2001.09.11"]
[SourceQuality "1"]

1. e4 g6 2. d4 Bg7 3. Nc3 c6 4. Be3 d5 5. f3 Qb6 6. Qd2 Qxb2 7. Rb1 Qa3 8. exd5 Nf6 9. dxc6 bxc6 10. Rb3 Qa5 11. Ne4 Qxd2+ 12. Kxd2 Nd5 13. Bd3 Nd7 14. f4 0-0 15. Nf3 f6 16. h4 Bh6 17. g3 e5 18. h5 exf4 19. gxf4 Bxf4 20. Bxf4 Nxf4 21. hxg6 hxg6 22. Nd6 Nxd3 23. Rxd3 Rd8 24. Re3 Nf8 25. Rh8+ Kxh8 26. Nf7+ Kg8 27. Nxd8 Bd7 28. Nb7 Re8 29. Ra3 Re7 30. Na5 g5 31. Rc3 g4 32. Nh4 Rh7 0-1

[Event "Politiken Cup 20th"]
[Site "Copenhagen"]
[Date "1998.07.13"]
[Round "9"]
[White "Hansen, Gunnar West"]
[Black "Henrichsen, Jens"]
[Result "1-0"]
[WhiteElo "2245"]
[BlackElo "2085"]
[PlyCount "55"]
[EventDate "1998.07.04"]
[EventType "swiss"]
[EventRounds "11"]
[EventCountry "DEN"]
[SourceTitle "CBM 065 Extra"]
[Source "ChessBase"]
[SourceDate "1998.09.09"]
[SourceVersion "1"]
[SourceVersionDate "1998.09.09"]
[SourceQuality "1"]

1. e4 e6 2. Nf3 c5 3. d4 cxd4 4. Nxd4 Nf6 5. Nc3 d6 6. g3 Be7 7. Bg2 0-0 8. 0-0 a6 9. a4 Qc7 10. Be3 Nc6 11. Nxc6 bxc6 12. a5 Nd7 13. Na4 c5 14. Qd2 Rb8 15. c3 Bb7 16. b4 Bc6 17. Bf4 Bxa4 18. Rxa4 Qc6 19. Ra2 Ne5 20. Rd1 Rfd8 21. bxc5 Nc4 22. cxd6 Nxd2 23. dxe7 Nf3+ 24. Bxf3 Rxd1+ 25. Bxd1 Rb7 26. Ba4 Rb1+ 27. Kg2 Rb5 28. Bxb5 1-0

[Event "Roskilde op"]
[Site "Roskilde"]
[Date "1998.??.??"]
[Round "2"]
[White "McShane, Luke J"]
[Black "Hansen, Gunnar West"]
[Result "1-0"]
[WhiteElo "2490"]
[BlackElo "2245"]
[PlyCount "37"]
[EventDate "1998.07.17"]
[EventType "swiss"]
[EventRounds "9"]
[EventCountry "DEN"]
[SourceTitle "EXT 1999"]
[Source "ChessBase"]
[SourceDate "1998.11.16"]
[SourceVersion "1"]
[SourceVersionDate "1998.11.16"]
[SourceQuality "1"]

1. e4 g6 2. d4 Bg7 3. Nc3 c6 4. Nf3 d5 5. h3 Nf6 6. Bd3 dxe4 7. Nxe4 Nxe4 8. Bxe4 Bf5 9. Bxf5 Qa5+ 10. c3 Qxf5 11. Qb3 Nd7 12. Qxb7 Qe4+ 13. Be3 Rb8 14. Qxa7 Bh6 15. 0-0 Bxe3 16. Rae1 Rxb2 17. Rxe3 Qc2 18. Qc7 Rb8 19. Ne5 1-0

[Event "DEN-chT 9697"]
[Site "Denmark"]
[Date "1996.11.16"]
[Round "3.4"]
[White "Jensen, Vagn"]
[Black "Hansen, Gunnar West"]
[Result "1-0"]
[WhiteElo "2295"]
[BlackElo "2260"]
[PlyCount "85"]
[EventDate "1996.11.03"]
[EventType "team-tourn"]
[EventRounds "7"]
[EventCountry "DEN"]
[SourceTitle "EXT 2023"]
[Source "ChessBase"]
[SourceDate "2022.10.05"]
[SourceVersion "1"]
[SourceVersionDate "2022.10.05"]
[SourceQuality "1"]
[WhiteTeam "Aarhus"]
[BlackTeam "Copenhagen 34"]
[WhiteTeamCountry "DEN"]
[BlackTeamCountry "DEN"]

1. e4 e6 2. d4 d5 3. Nd2 dxe4 4. Nxe4 Nf6 5. Nxf6+ gxf6 6. Nf3 b6 7. g3 Bb7 8. Bg2 c5 9. 0-0 cxd4 10. Nxd4 Bxg2 11. Kxg2 Qd5+ 12. Qf3 Qxf3+ 13. Kxf3 a6 14. Kg2 Nd7 15. c4 Bg7 16. b3 f5 17. Rd1 Nc5 18. Bf4 0-0-0 19. Nc6 Bxa1 20. Nxd8 Rxd8 21. Rxa1 Nd3 22. Bg5 Rd7 23. Kf1 e5 24. Ke2 Nb4 25. Be3 Kb7 26. a3 Nd3 27. f3 a5 28. Rd1 e4 29. fxe4 fxe4 30. Rf1 a4 31. Rf6 Nc5 32. Bxc5 bxc5 33. bxa4 Rd4 34. Rxf7+ Ka6 35. Rxh7 Rxc4 36. g4 e3 37. g5 Rg4 38. h4 Ka5 39. Ra7+ Kb6 40. Rh7 Ka5 41. Kxe3 Kxa4 42. Kf3 Rg1 43. Rc7 1-0

[Event "Politiken Cup 18th"]
[Site "Copenhagen"]
[Date "1996.??.??"]
[Round "6"]
[White "Brynell, Stellan"]
[Black "Hansen, Gunnar West"]
[Result "1-0"]
[WhiteElo "2445"]
[BlackElo "2295"]
[PlyCount "49"]
[EventDate "1996.06.??"]
[EventType "swiss"]
[EventRounds "11"]
[EventCountry "DEN"]
[SourceTitle "CBM 054"]
[Source "ChessBase"]
[SourceDate "1996.10.01"]
[SourceVersion "1"]
[SourceVersionDate "1996.10.01"]
[SourceQuality "1"]

1. e4 g6 2. d4 Bg7 3. Nc3 d6 4. Nf3 Nf6 5. h3 0-0 6. Be3 c6 7. a4 a5 8. Be2 b6 9. 0-0 Ba6 10. d5 Bxe2 11. Qxe2 c5 12. Nd2 Nfd7 13. Bg5 h6 14. Bh4 g5 15. Bg3 Ne5 16. Nd1 f5 17. exf5 Rxf5 18. Ne3 Rf8 19. Bxe5 Bxe5 20. Ng4 Bg7 21. Rae1 Ra7 22. Nc4 Rb7 23. b3 Qd7 24. Nge3 Qe8 25. Nf5 1-0

[Event "Copenhagen Obro New Year op"]
[Site "Copenhagen"]
[Date "1996.??.??"]
[Round "3"]
[White "Hansen, Gunnar West"]
[Black "Grigoryan, Meri"]
[Result "1/2-1/2"]
[WhiteElo "2260"]
[BlackElo "2035"]
[PlyCount "92"]
[EventDate "1996.12.27"]
[EventType "swiss"]
[EventRounds "7"]
[EventCountry "DEN"]
[SourceTitle "EXT 1999"]
[Source "ChessBase"]
[SourceDate "1998.11.16"]
[SourceVersion "1"]
[SourceVersionDate "1998.11.16"]
[SourceQuality "1"]

1. e4 c6 2. d4 d5 3. exd5 cxd5 4. c4 Nf6 5. c5 Nc6 6. Bb5 Qc7 7. Nf3 Bg4 8. h3 Bxf3 9. Qxf3 e5 10. 0-0 e4 11. Qf5 Be7 12. Nc3 0-0 13. Be3 Rad8 14. Bxc6 bxc6 15. b4 g6 16. Qe5 Qxe5 17. dxe5 Nd7 18. Bd4 Rfe8 19. f4 f6 20. exf6 Bxf6 21. Ne2 Rc8 22. Rad1 a6 23. Kf2 Bxd4+ 24. Rxd4 Nf8 25. Ke3 Rb8 26. Rb1 Ne6 27. Rdd1 Rb7 28. Nd4 Nxd4 29. Rxd4 Kf7 30. Rb3 Kf6 31. Rd1 Reb8 32. Rdb1 h5 33. g3 g5 34. fxg5+ Kxg5 35. a4 Kf6 36. Kd4 Ke6 37. g4 hxg4 38. hxg4 Rg8 39. Rg1 Rbg7 40. Rbg3 Rb7 41. Rb3 Rbg7 42. b5 axb5 43. axb5 cxb5 44. Rxb5 Rxg4 45. Rb6+ Kd7 46. Rxg4 Rxg4 1/2-1/2

[Event "Politiken Cup 18th"]
[Site "Copenhagen"]
[Date "1996.??.??"]
[Round "5"]
[White "Hansen, Gunnar West"]
[Black "Thorfinnsson, Bragi"]
[Result "1-0"]
[WhiteElo "2295"]
[BlackElo "2155"]
[PlyCount "105"]
[EventDate "1996.06.??"]
[EventType "swiss"]
[EventRounds "11"]
[EventCountry "DEN"]
[SourceTitle "CBM 054 Extra"]
[Source "ChessBase"]
[SourceDate "1996.11.01"]
[SourceVersion "1"]
[SourceVersionDate "1996.11.01"]
[SourceQuality "1"]

1. e4 c5 2. Nf3 d6 3. g3 Nc6 4. Bg2 g6 5. 0-0 Bg7 6. d3 e6 7. c3 Nge7 8. Bg5 h6 9. Be3 0-0 10. a4 b6 11. Na3 Kh7 12. Nh4 f5 13. f4 Rb8 14. Qc2 a6 15. Rad1 Bd7 16. exf5 gxf5 17. Nf3 Qe8 18. b3 Nd5 19. Bd2 b5 20. axb5 axb5 21. Rfe1 Qf7 22. c4 bxc4 23. dxc4 Nf6 24. Bc3 Ne4 25. Bxg7 Qxg7 26. Rxe4 Nb4 27. Qb1 fxe4 28. Qxe4+ Kg8 29. Rxd6 Rbd8 30. Ne5 Bc6 31. Rxc6 Nxc6 32. Nxc6 Qa1+ 33. Bf1 Rd1 34. Qg6+ Kh8 35. Qxh6+ Kg8 36. Qxe6+ Kh7 37. Qe7+ Kg8 38. Qg5+ Kh7 39. Qh5+ Kg7 40. Qe5+ Qxe5 41. Nxe5 Ra8 42. Nc2 Ra2 43. Ne3 Rb1 44. g4 Rxb3 45. Nf5+ Kg8 46. g5 Rbb2 47. Nh6+ Kh8 48. Nhg4 Rd2 49. f5 Rd4 50. f6 Rd1 51. g6 Raa1 52. Nf7+ Kg8 53. Ngh6+ 1-0

[Event "Politiken Cup 18th"]
[Site "Copenhagen"]
[Date "1996.??.??"]
[Round "10"]
[White "Steingrimsson, Hedinn"]
[Black "Hansen, Gunnar West"]
[Result "1-0"]
[WhiteElo "2405"]
[BlackElo "2295"]
[PlyCount "78"]
[EventDate "1996.06.??"]
[EventType "swiss"]
[EventRounds "11"]
[EventCountry "DEN"]
[SourceTitle "CBM 054"]
[Source "ChessBase"]
[SourceDate "1996.10.01"]
[SourceVersion "1"]
[SourceVersionDate "1996.10.01"]
[SourceQuality "1"]

1. e4 g6 2. d4 Bg7 3. c3 d5 4. Nd2 e5 5. dxe5 dxe4 6. Qe2 Qe7 7. Nxe4 Qxe5 8. Nf3 Qe7 9. Bg5 f6 10. Bf4 f5 11. Ned2 c6 12. Nc4 Nd7 13. 0-0-0 Nb6 14. Qd2 Nd5 15. Re1 Be6 16. Ng5 Nxf4 17. Nd6+ Kf8 18. Qxf4 Bh6 19. Nxe6+ Qxe6 20. Qxh6+ Nxh6 21. Rxe6 Ng4 22. f3 Nf6 23. Bc4 Ne8 24. Nxb7 Kg7 25. Rxc6 Nf6 26. Re1 Rhe8 27. Rxe8 Rxe8 28. Re6 Rb8 29. Nd6 a5 30. a3 a4 31. Re7+ Kh6 32. Ra7 Kg5 33. g3 f4 34. Nf7+ Kf5 35. Ra5+ Nd5 36. g4+ Kf6 37. Bxd5 h5 38. g5+ Kg7 39. Ra7 Kf8 1-0

[Event "DEN-ch qual"]
[Site "Copenhagen"]
[Date "1995.??.??"]
[Round "6"]
[White "Hansen, Gunnar West"]
[Black "Nielsen, Carsten"]
[Result "0-1"]
[WhiteElo "2275"]
[BlackElo "2015"]
[PlyCount "78"]
[EventDate "1995.??.??"]
[EventType "swiss"]
[EventRounds "7"]
[EventCountry "DEN"]
[SourceTitle "EXT 1998"]
[Source "ChessBase"]
[SourceDate "1997.11.17"]
[SourceVersion "1"]
[SourceVersionDate "1997.11.17"]
[SourceQuality "1"]

1. e4 Nc6 2. Nf3 d6 3. c3 Nf6 4. d3 e5 5. g3 Be7 6. Bg2 0-0 7. 0-0 Bd7 8. Nbd2 b5 9. Re1 Qc8 10. Nf1 Be6 11. Ne3 Qa6 12. Ng5 Bd7 13. Nf5 h6 14. h4 Rad8 15. b4 Qc8 16. Nh3 d5 17. Qf3 Bxf5 18. exf5 e4 19. dxe4 dxe4 20. Rxe4 Nxe4 21. Qxe4 Nb8 22. Qg4 Rd6 23. Be3 Bf6 24. Bc5 Bxc3 25. Rc1 Bd2 26. Rc2 Rfd8 27. Qe2 Qxf5 28. Be4 Re6 29. Bxf5 Rxe2 30. Kg2 Na6 31. Ng1 Re5 32. Kh3 Nxc5 33. bxc5 Bb4 34. c6 Rc5 35. Rxc5 Bxc5 36. Bd7 a5 37. Nf3 Kf8 38. Nd2 Ke7 39. Nb3 Bb6 0-1

[Event "DEN-chT 9596"]
[Site "Denmark"]
[Date "1995.??.??"]
[Round "3"]
[White "Hansen, Gunnar West"]
[Black "Nielsen, Uffe Vinther"]
[Result "0-1"]
[WhiteElo "2275"]
[BlackElo "2370"]
[PlyCount "134"]
[EventDate "1995.??.??"]
[EventType "team-tourn"]
[EventRounds "7"]
[EventCountry "DEN"]
[SourceTitle "EXT 2000"]
[Source "ChessBase"]
[SourceDate "1999.11.16"]
[SourceVersion "1"]
[SourceVersionDate "1999.11.16"]
[SourceQuality "1"]

1. e4 c5 2. Nf3 e6 3. d4 cxd4 4. Nxd4 Nc6 5. g3 d6 6. Bg2 Bd7 7. Nb5 Qb8 8. Bf4 Ne5 9. a4 Nf6 10. 0-0 Be7 11. Nd2 a6 12. Nd4 0-0 13. Qe2 Re8 14. h3 Ng6 15. Bg5 h6 16. Be3 d5 17. N4b3 Bc6 18. Na5 e5 19. Bb6 Bd8 20. Bxd8 Rxd8 21. exd5 Bxd5 22. Ne4 Nxe4 23. Bxe4 Qc7 24. Bxd5 Rxd5 25. Nc4 Rad8 26. a5 Rd4 27. b3 Qd7 28. Kh2 Qf5 29. Rae1 f6 30. Ne3 Qc8 31. Nc4 Nf8 32. Rd1 Ne6 33. c3 Rxd1 34. Rxd1 Ng5 35. Qg4 Qc7 36. h4 Nf7 37. Qf3 Qc5 38. Kg2 Kf8 39. Rxd8+ Nxd8 40. Qd3 Ke7 41. Ne3 Qc6+ 42. f3 Ne6 43. Nf5+ Ke8 44. b4 Qd7 45. Qxd7+ Kxd7 46. Kf2 h5 47. g4 g6 48. Ng3 Nf4 49. gxh5 gxh5 50. Ke3 Ke6 51. c4 Ng2+ 52. Ke2 Nxh4 53. Nxh5 Nf5 54. Kd3 Nd4 55. f4 Nc6 56. fxe5 Kxe5 57. Kc3 f5 58. Ng3 f4 59. Ne2 Ke4 60. Ng1 f3 61. Nh3 Ke3 62. c5 f2 63. Nxf2 Kxf2 64. Kc4 Ke3 65. b5 Nxa5+ 66. Kb4 Nc6+ 67. bxc6 bxc6 0-1

[Event "Kiekrz op"]
[Site "Kiekrz"]
[Date "1995.??.??"]
[Round "2"]
[White "Hansen, Gunnar West"]
[Black "Schmidt, Wolfgang"]
[Result "1/2-1/2"]
[WhiteElo "2275"]
[BlackElo "2310"]
[PlyCount "46"]
[EventDate "1995.??.??"]
[EventType "swiss"]
[EventRounds "7"]
[EventCountry "BEL"]
[SourceTitle "EXT 1998"]
[Source "ChessBase"]
[SourceDate "1997.11.17"]
[SourceVersion "1"]
[SourceVersionDate "1997.11.17"]
[SourceQuality "1"]

1. Nf3 Nf6 2. c4 g6 3. d4 Bg7 4. g3 d5 5. cxd5 Nxd5 6. Bg2 Nb6 7. 0-0 Nc6 8. e3 0-0 9. Nc3 e5 10. d5 Na5 11. e4 c6 12. Bg5 f6 13. Be3 cxd5 14. Bxb6 Qxb6 15. Nxd5 Qd8 16. Rc1 Nc6 17. Qb3 Rf7 18. Rfd1 Be6 19. Qe3 Rd7 20. Nc3 Nd4 21. Nd5 Nc6 22. Nc3 Nd4 23. Nd5 Nc6 1/2-1/2

[Event "Kiekrz op"]
[Site "Kiekrz"]
[Date "1995.??.??"]
[Round "3"]
[White "Hansen, Gunnar West"]
[Black "Van der Werf, Mark"]
[Result "1/2-1/2"]
[WhiteElo "2250"]
[BlackElo "2425"]
[PlyCount "100"]
[EventDate "1995.??.??"]
[EventType "swiss"]
[EventRounds "7"]
[EventCountry "BEL"]
[SourceTitle "EXT 1998"]
[Source "ChessBase"]
[SourceDate "1997.11.17"]
[SourceVersion "1"]
[SourceVersionDate "1997.11.17"]
[SourceQuality "1"]

1. Nf3 d5 2. d4 e6 3. c4 c6 4. Qc2 Nf6 5. g3 dxc4 6. Qxc4 b5 7. Qc2 Bb7 8. Bg2 Nbd7 9. 0-0 c5 10. dxc5 Bxc5 11. b4 Bxb4 12. Qb3 Bc5 13. Qxb5 Rb8 14. Qa4 0-0 15. Ba3 Qb6 16. Nbd2 Bc6 17. Bxc5 Nxc5 18. Qh4 Bd5 19. Rfb1 Qa6 20. Rxb8 Rxb8 21. Qf4 Rc8 22. Rb1 Ncd7 23. Ne5 Qxa2 24. Nxd7 Nxd7 25. Qd4 Rc2 26. Bxd5 Qxd5 27. Qxd5 exd5 28. Rb7 Nf8 29. Nf3 Rxe2 30. Rxa7 Re8 31. Ra6 Ne6 32. Ra5 Rd8 33. Ne5 Kf8 34. f4 f6 35. Nc6 Rc8 36. Nb4 d4 37. Kf2 Rc5 38. Rxc5 Nxc5 39. Nc6 d3 40. Ke3 Kf7 41. Nb4 Ke6 42. Nxd3 Nxd3 43. Kxd3 Kd5 44. Ke3 f5 45. Kd3 g6 46. h3 h6 47. h4 h5 48. Ke3 Kc4 49. Ke2 Kb4 50. Kd2 Kc4 1/2-1/2

[Event "Kiekrz op"]
[Site "Kiekrz"]
[Date "1995.??.??"]
[Round "1"]
[White "Mordue, A Tyson"]
[Black "Hansen, Gunnar West"]
[Result "0-1"]
[WhiteElo "2230"]
[BlackElo "2250"]
[PlyCount "134"]
[EventDate "1995.??.??"]
[EventType "swiss"]
[EventRounds "7"]
[EventCountry "BEL"]
[SourceTitle "EXT 1998"]
[Source "ChessBase"]
[SourceDate "1997.11.17"]
[SourceVersion "1"]
[SourceVersionDate "1997.11.17"]
[SourceQuality "1"]

1. e4 c6 2. d4 d5 3. exd5 cxd5 4. c4 Nf6 5. Nc3 e6 6. Bg5 Be7 7. c5 0-0 8. Nf3 b6 9. b4 Ne4 10. Bxe7 Qxe7 11. Qc2 a5 12. Na4 Nc6 13. Nxb6 Nxb4 14. Qc1 Rb8 15. Be2 e5 16. 0-0 exd4 17. Nxd4 Qxc5 18. Qxc5 Nxc5 19. Nxc8 Rfxc8 20. Bg4 Re8 21. a3 Nbd3 22. Nc6 Rb6 23. Nxa5 Ra6 24. Bf3 Rxa5 25. Bxd5 Rd8 26. Rfb1 g6 27. Bf3 Ne5 28. Be2 Ne6 29. Bf1 Rda8 30. Rb5 Rxb5 31. Bxb5 Nd4 32. Bf1 Nc2 33. Ra2 Nxa3 34. h3 Ra7 35. Kh2 Nd7 36. Kg3 Nf6 37. Kh2 Nb5 38. Rxa7 Nxa7 39. g3 Nc6 40. Bb5 Nd4 41. Bc4 g5 42. Kg2 h5 43. Bd3 g4 44. hxg4 hxg4 45. Ba6 Ne4 46. Bb7 Nd2 47. Bd5 Kg7 48. Bb7 Kf6 49. Bd5 Ke7 50. Bb7 f5 51. Bc8 Kd6 52. Bb7 Kc5 53. Ba6 Kb4 54. Bc8 Kc3 55. Ba6 Kc2 56. Bc8 Kd1 57. Bd7 Ke1 58. Bc8 Ne4 59. Bd7 Nxf2 60. Bc8 Nc2 61. Kg1 Ne3 62. Bd7 Nh3+ 63. Kh1 Kf2 64. Bc6 Kxg3 65. Bb7 f4 66. Bc6 Nd1 67. Bf3 Ndf2# 0-1

[Event "Copenhagen op2"]
[Site "Copenhagen"]
[Date "1994.??.??"]
[Round "3"]
[White "Hansen, Gunnar West"]
[Black "Hutters, Tomas"]
[Result "0-1"]
[WhiteElo "2275"]
[BlackElo "2445"]
[PlyCount "80"]
[EventDate "1994.06.??"]
[EventType "swiss"]
[EventRounds "7"]
[EventCountry "DEN"]
[SourceTitle "EXT 1997"]
[Source "ChessBase"]
[SourceDate "1996.11.15"]
[SourceVersion "1"]
[SourceVersionDate "1996.11.15"]
[SourceQuality "1"]

1. e4 g6 2. d4 Bg7 3. Nc3 d6 4. f4 c6 5. Nf3 Bg4 6. Be3 Qb6 7. Qd2 Bxf3 8. gxf3 Nd7 9. 0-0-0 Qa5 10. h4 Ngf6 11. Kb1 0-0-0 12. Bc4 e6 13. Rdg1 d5 14. Bd3 Nh5 15. f5 exf5 16. exd5 cxd5 17. a3 Bf8 18. Bg5 f6 19. Bh6 Be7 20. Re1 Rhe8 21. Re6 Nf8 22. Ree1 a6 23. Rhg1 Bd6 24. Ka2 Ne6 25. Be3 Bf4 26. b4 Qc7 27. Na4 Nxd4 28. Bxf4 Nxf4 29. Rxe8 Rxe8 30. Re1 Rxe1 31. Qxe1 Qe5 32. Qc3+ Nc6 33. Qc5 Qe7 34. Nb6+ Kb8 35. Qf2 Nxd3 36. cxd3 d4 37. h5 Qe6+ 38. Kb2 Ka7 39. Nc4 b5 40. Nd2 Qe3 0-1